La tajada : gardel, uma lembranca /

Guardado en:
Autor Principal: Puig, Manuel
Formato: Libro
Publicado: Rosario : Beatriz Viterbo, 1998
Series:Ficciones
Materias:
Etiquetas: Agregar Etiqueta
Sin Etiquetas, Sea el primero en etiquetar este registro!
LEADER 00594nam a22002055a 4500
001 EHU.bham026331
003 AR-BHAM
005 20110509113335.0
008 130507s1998##################000#0#####d
082 A 8 |a 862.4 
100 1 |a Puig, Manuel 
245 1 0 |a La tajada :  |b gardel, uma lembranca /  |c Manuel Puig 
260 |a Rosario :  |b Beatriz Viterbo,  |c 1998 
300 |a 222 p. 
490 0 |a Ficciones 
653 |a Literatura argentina 
653 |a Literatura argentina-1911- 
653 |a Teatro argentino-1911- 
653 |a Puig 
859 |a AR-BHAM  |b BIB. HUMANIDADES - General  |h A862.4  |i P964  |k A  |p 131.04  |t Ej.1